[Event "GBR-ch108 Major Open"]
[Site "Torquay"]
[Date "2022.08.18"]
[Round "6"]
[White "Moss, Jack"]
[Black "Wheeler, James M"]
[Result "1/2-1/2"]
[WhiteElo "1707"]
[BlackElo "1791"]
[PlyCount "69"]
[EventDate "2022.08.13"]
[EventType "swiss"]
[EventRounds "9"]
[EventCountry "GBR"]
[SourceTitle "BritBase"]
[Source "John Saunders"]
[SourceDate "2021.06.05"]
[SourceVersion "1"]
[SourceVersionDate "2021.06.05"]
[SourceQuality "1"]

1. d4 c5 2. d5 e5 3. dxe6 fxe6 4. g3 Nf6 5. Bg2 d5 6. e4 dxe4 7. Qxd8+ Kxd8 8.
Nc3 Bd7 9. Bg5 Bc6 10. Bxe4 Be7 11. O-O-O+ Ke8 12. Bxc6+ Nxc6 13. Nf3 Kf7 14.
Bf4 h6 15. h3 Rad8 16. Ne5+ Nxe5 17. Bxe5 a6 18. a4 Rxd1+ 19. Rxd1 Rd8 20. Rxd8
Bxd8 21. Bxf6 gxf6 22. Ne4 Be7 23. c4 f5 24. Nc3 Bf6 25. Ne2 h5 26. b3 h4 27.
Kd2 e5 28. Nc3 Bg5+ 29. Ke2 Ke6 30. Kf3 e4+ 31. Kg2 Ke5 32. Ne2 f4 33. gxf4+
Bxf4 34. f3 e3 35. Kf1 1/2-1/2

[Event "GBR-ch108 Major Open"]
[Site "Torquay"]
[Date "2022.08.18"]
[Round "6"]
[White "Burton, Nick"]
[Black "Young, Daniel J"]
[Result "1/2-1/2"]
[WhiteElo "1740"]
[BlackElo "1810"]
[PlyCount "67"]
[EventDate "2022.08.13"]
[EventType "swiss"]
[EventRounds "9"]
[EventCountry "GBR"]
[SourceTitle "BritBase"]
[Source "John Saunders"]
[SourceDate "2021.06.05"]
[SourceVersion "1"]
[SourceVersionDate "2021.06.05"]
[SourceQuality "1"]

1. e4 c5 2. Nf3 d6 3. d4 cxd4 4. Nxd4 Nf6 5. Nc3 a6 6. Be3 e5 7. Nb3 Be6 8. f3
h5 9. Qd2 Nbd7 10. a4 Be7 11. Nd5 Bxd5 12. exd5 Nb6 13. c4 e4 14. a5 Nbd7 15.
Be2 exf3 16. Bxf3 Rc8 17. Rc1 O-O 18. O-O Ne5 19. Bb6 Qd7 20. Qd4 Qa4 21. Nd2
Nfd7 22. b3 Qb4 23. Qe3 Nxb6 24. axb6 g6 25. Ne4 Bd8 26. c5 dxc5 27. Nd6 Nxf3+
28. Qxf3 Qd4+ 29. Kh1 Rb8 30. Rcd1 Qg7 31. Nc4 Rc8 32. Nd6 Rb8 33. Nc4 Rc8 34.
Nd6 1/2-1/2

[Event "GBR-ch108 Major Open"]
[Site "Torquay"]
[Date "2022.08.18"]
[Round "6"]
[White "Li, Ethan"]
[Black "McKay, Jonathan"]
[Result "1/2-1/2"]
[WhiteElo "1553"]
[BlackElo "1636"]
[PlyCount "107"]
[EventDate "2022.08.13"]
[EventType "swiss"]
[EventRounds "9"]
[EventCountry "GBR"]
[SourceTitle "BritBase"]
[Source "John Saunders"]
[SourceDate "2021.06.05"]
[SourceVersion "1"]
[SourceVersionDate "2021.06.05"]
[SourceQuality "1"]

1. e4 c6 2. d4 d5 3. exd5 cxd5 4. Bd3 Nc6 5. c3 Nf6 6. Bf4 Bg4 7. Qb3 Qd7 8.
Nd2 e6 9. Ngf3 Bd6 10. Bg3 Bxg3 11. hxg3 O-O 12. Ne5 Nxe5 13. dxe5 Ne4 14. Nxe4
dxe4 15. Bxe4 h6 16. f3 Bf5 17. Bxf5 exf5 18. O-O Qe7 19. Rfe1 Qg5 20. Kf2 Rad8
21. Rad1 f4 22. gxf4 Qh4+ 23. Kg1 Rd2 24. Rf1 Re2 25. Qb5 Rc2 26. Qd3 Rxb2 27.
Rd2 Rxd2 28. Qxd2 Qe7 29. Rd1 Rc8 30. Qd6 Qc7 31. Qxc7 Rxc7 32. Rd3 Kf8 33. g4
Ke7 34. Kf2 b5 35. Ke3 Rc4 36. f5 a5 37. Rd5 Rxc3+ 38. Kf4 Rc4+ 39. Kg3 Rb4 40.
a4 bxa4 41. Rxa5 Rc4 42. Ra7+ Kf8 43. Kh4 Rc5 44. f4 Rc4 45. f6 gxf6 46. exf6
Kg8 47. f5 Rc6 48. g5 Rc4+ 49. Kh5 hxg5 50. Kxg5 Rb4 51. Ra8+ Kh7 52. Rf8 Rb7
53. Ra8 Rb4 54. Ra7 1/2-1/2

[Event "GBR-ch108 Major Open"]
[Site "Torquay"]
[Date "2022.08.18"]
[Round "6"]
[White "Wilson, Matthew R"]
[Black "Garnett, John S"]
[Result "0-1"]
[WhiteElo "1797"]
[BlackElo "1916"]
[PlyCount "132"]
[EventDate "2022.08.13"]
[EventType "swiss"]
[EventRounds "9"]
[EventCountry "GBR"]
[SourceTitle "BritBase"]
[Source "John Saunders"]
[SourceDate "2021.06.05"]
[SourceVersion "1"]
[SourceVersionDate "2021.06.05"]
[SourceQuality "1"]

1. e4 d5 2. exd5 Nf6 3. Bb5+ Nbd7 4. d4 Nxd5 5. Nf3 c6 6. Be2 Qc7 7. c4 Nf4 8.
O-O Nxe2+ 9. Qxe2 Nf6 10. h3 Bf5 11. Nc3 O-O-O 12. Rd1 e6 13. a3 h6 14. Be3 g5
15. Ne5 Bd6 16. Ng4 Nxg4 17. hxg4 Bg6 18. Rac1 f6 19. d5 h5 20. Bxa7 Rde8 21.
dxc6 hxg4 22. cxb7+ Kxb7 23. Qxg4 Qh7 24. Qh3 Bh2+ 25. Kf1 Qxh3 26. gxh3 Kxa7
27. Rd7+ Kb8 28. Rcd1 Rh7 29. a4 Rxd7 30. Rxd7 Be5 31. Nb5 Rc8 32. a5 Be8 33.
Re7 Bxb5 34. cxb5 Bxb2 35. Rxe6 Bc3 36. a6 Ka7 37. Re7+ Kb6 38. Rb7+ Ka5 39. a7
Be5 40. Kg2 Ra8 41. Kf3 Bd4 42. Rd7 Bxa7 43. Rd6 Kxb5 44. Rxf6 Bd4 45. Rf5+ Kc4
46. Rxg5 Rf8+ 47. Kg4 Rxf2 48. h4 Kd3 49. Kh5 Be3 50. Rg8 Bf4 51. Rg4 Ke4 52.
Kg6 Ra2 53. h5 Ra6+ 54. Kf7 Kf5 55. Rg6 Ra7+ 56. Kg8 Be5 57. Rc6 Rg7+ 58. Kf8
Rh7 59. h6 Bf6 60. Rc1 Rxh6 61. Rf1+ Ke6 62. Re1+ Be5 63. Rg1 Rh8+ 64. Rg8 Rh7
65. Rg1 Rb7 66. Kg8 Rb8+ 0-1

[Event "GBR-ch108 Major Open"]
[Site "Torquay"]
[Date "2022.08.18"]
[Round "6"]
[White "Foster, Timothy"]
[Black "Gamal, Alaa"]
[Result "1/2-1/2"]
[WhiteElo "1766"]
[BlackElo "1690"]
[PlyCount "63"]
[EventDate "2022.08.13"]
[EventType "swiss"]
[EventRounds "9"]
[EventCountry "GBR"]
[SourceTitle "BritBase"]
[Source "John Saunders"]
[SourceDate "2021.06.05"]
[SourceVersion "1"]
[SourceVersionDate "2021.06.05"]
[SourceQuality "1"]

1. Nf3 g6 2. c4 d6 3. g3 Bg7 4. Bg2 e5 5. d3 Nc6 6. O-O Nge7 7. Nc3 O-O 8. Rb1
a5 9. a3 Nd4 10. e3 Ne6 11. b4 axb4 12. axb4 f5 13. Bb2 g5 14. Nd2 Qe8 15. Nd5
Ng6 16. Qh5 c6 17. Nb6 Ra6 18. Nxc8 Qxc8 19. b5 Ra2 20. Bc3 Bf6 21. bxc6 bxc6
22. Rb6 Ne7 23. Qd1 Nc5 24. d4 Na4 25. Qb3 Nxc3 26. Qxc3 exd4 27. exd4 Qe6 28.
Bxc6 Qe2 29. Nb3 Nxc6 30. Rxc6 f4 31. Qe1 f3 32. Nc1 1/2-1/2

[Event "GBR-ch108 Major Open"]
[Site "Torquay"]
[Date "2022.08.18"]
[Round "6"]
[White "Gartside, Carl"]
[Black "Phillips, Owen S"]
[Result "0-1"]
[WhiteElo "1739"]
[BlackElo "1851"]
[PlyCount "84"]
[EventDate "2022.08.13"]
[EventType "swiss"]
[EventRounds "9"]
[EventCountry "GBR"]
[SourceTitle "BritBase"]
[Source "John Saunders"]
[SourceDate "2021.06.05"]
[SourceVersion "1"]
[SourceVersionDate "2021.06.05"]
[SourceQuality "1"]

1. d4 d6 2. Nf3 c6 3. e4 g6 4. a4 Bg7 5. h3 Nd7 6. Nc3 Qc7 7. Be2 Ngf6 8. O-O
O-O 9. Bf4 e5 10. Bh2 Nh5 11. d5 c5 12. Nd2 Nf4 13. Nb5 Qd8 14. Nc4 Qg5 15. Bg3
Nb6 16. Ncxd6 a6 17. Nc7 Rb8 18. a5 Na8 19. Nxa8 Rxa8 20. Nxc8 Raxc8 21. Bc4 h5
22. h4 Qd8 23. c3 Bf6 24. Bxf4 exf4 25. Qf3 Be5 26. Qh3 Qd6 27. Rfe1 Rc7 28.
Qf3 Kg7 29. Red1 Rh8 30. Ra3 Qf6 31. Qh3 Bd6 32. Rb3 Qe5 33. Qf3 Re8 34. Re1 f5
35. Rb6 fxe4 36. Rxd6 Qxd6 37. Rxe4 Rxe4 38. Qxe4 Re7 39. Qf3 Re1+ 40. Kh2 Qf6
41. g3 fxg3+ 42. Qxg3 Re4 0-1

[Event "GBR-ch108 Major Open"]
[Site "Torquay"]
[Date "2022.08.18"]
[Round "6"]
[White "Fowler, Hugo"]
[Black "Fleri, Luke"]
[Result "1/2-1/2"]
[WhiteElo "1686"]
[BlackElo "1483"]
[PlyCount "58"]
[EventDate "2022.08.13"]
[EventType "swiss"]
[EventRounds "9"]
[EventCountry "GBR"]
[SourceTitle "BritBase"]
[Source "John Saunders"]
[SourceDate "2021.06.05"]
[SourceVersion "1"]
[SourceVersionDate "2021.06.05"]
[SourceQuality "1"]

1. e4 e6 2. d4 d5 3. exd5 exd5 4. Bd3 Be6 5. Bf4 Bd6 6. Bxd6 Qxd6 7. Nf3 Ne7 8.
O-O O-O 9. Nbd2 Nbc6 10. c3 Bf5 11. Bxf5 Nxf5 12. b4 Rfe8 13. Qc2 Qg6 14. Rfe1
Nh4 15. Qxg6 Nxf3+ 16. Nxf3 hxg6 17. Kf1 Kf8 18. b5 Na5 19. Ne5 Re7 20. Re3
Rae8 21. Rae1 Kg8 22. Ke2 g5 23. Kd3 f6 24. Ng4 Kf7 25. a4 Nc4 26. Rxe7+ Rxe7
27. Rxe7+ Kxe7 28. Ne3 Nxe3 29. Kxe3 f5 1/2-1/2

[Event "GBR-ch108 Major Open"]
[Site "Torquay"]
[Date "2022.08.18"]
[Round "6"]
[White "Karski, Sebastian"]
[Black "McCarthy, Damian"]
[Result "1-0"]
[WhiteElo "1800"]
[BlackElo "1860"]
[PlyCount "61"]
[EventDate "2022.08.13"]
[EventType "swiss"]
[EventRounds "9"]
[EventCountry "GBR"]
[SourceTitle "BritBase"]
[Source "John Saunders"]
[SourceDate "2021.06.05"]
[SourceVersion "1"]
[SourceVersionDate "2021.06.05"]
[SourceQuality "1"]

1. e4 c5 2. Nf3 e6 3. d4 cxd4 4. Nxd4 Nc6 5. Nc3 Qc7 6. f4 a6 7. Nxc6 bxc6 8.
Bd3 d5 9. O-O d4 10. Ne2 c5 11. b3 Nf6 12. c3 Bb7 13. Qc2 Qb6 14. e5 Ng4 15.
Kh1 Qd8 16. h3 Qh4 17. Be4 Bd5 18. c4 Bxe4 19. Qxe4 Rd8 20. Kg1 Nh6 21. Qc6+
Rd7 22. Qxa6 Be7 23. Qc8+ Rd8 24. Qc6+ Kf8 25. a4 g6 26. a5 Kg7 27. a6 Rc8 28.
Qf3 Nf5 29. g4 Nh6 30. Bd2 Rhd8 31. Be1 1-0

[Event "GBR-ch108 Major Open"]
[Site "Torquay"]
[Date "2022.08.18"]
[Round "6"]
[White "Ashworth, Robert"]
[Black "Ruane, Brendan J"]
[Result "1/2-1/2"]
[WhiteElo "1581"]
[BlackElo "1697"]
[PlyCount "103"]
[EventDate "2022.08.13"]
[EventType "swiss"]
[EventRounds "9"]
[EventCountry "GBR"]
[SourceTitle "BritBase"]
[Source "John Saunders"]
[SourceDate "2021.06.05"]
[SourceVersion "1"]
[SourceVersionDate "2021.06.05"]
[SourceQuality "1"]

1. e4 d6 2. d4 Nf6 3. Nc3 e5 4. Nf3 Nbd7 5. Bc4 Be7 6. O-O O-O 7. Re1 a6 8. a4
b6 9. Qe2 Bb7 10. h3 c6 11. Bb3 h6 12. Be3 Re8 13. Rad1 Qc7 14. Nh4 b5 15. Nf5
Bf8 16. d5 cxd5 17. Nxd5 Bxd5 18. Bxd5 Nxd5 19. exd5 Nf6 20. Qf3 Qd8 21. Qg3
Kh7 22. Qh4 Ng8 23. Qb4 g6 24. Ng3 f5 25. f4 Qh4 26. Kh2 a5 27. Qd2 Nf6 28. Ne2
exf4 29. Nxf4 Ng4+ 30. Kg1 Nxe3 31. Rxe3 Bg7 32. Rxe8 Rxe8 33. Ne6 Be5 34. Qd3
Qxa4 35. Rf1 Qc4 36. Qxc4 bxc4 37. Ra1 Rb8 38. Ra4 Rxb2 39. Rxc4 Rb5 40. Nc7
Rb4 41. Rc6 a4 42. Ra6 Rb7 43. Ne6 Rb1+ 44. Kf2 Rb2 45. Rxa4 Rxc2+ 46. Kf3 Rd2
47. Ra5 g5 48. Ra7+ Kg6 49. g4 Rd3+ 50. Ke2 Rxh3 51. Nf8+ Kf6 52. Nh7+ 1/2-1/2

[Event "GBR-ch108 Major Open"]
[Site "Torquay"]
[Date "2022.08.18"]
[Round "6"]
[White "Latypova, Olga L"]
[Black "Matthews, Adrian M S"]
[Result "1/2-1/2"]
[WhiteElo "1353"]
[BlackElo "1932"]
[PlyCount "62"]
[EventDate "2022.08.13"]
[EventType "swiss"]
[EventRounds "9"]
[EventCountry "GBR"]
[SourceTitle "BritBase"]
[Source "John Saunders"]
[SourceDate "2021.06.05"]
[SourceVersion "1"]
[SourceVersionDate "2021.06.05"]
[SourceQuality "1"]

1. e4 c5 2. Nf3 Nc6 3. d4 cxd4 4. Nxd4 Nf6 5. Nc3 e5 6. Ndb5 d6 7. Bg5 a6 8.
Na3 b5 9. Nd5 Be7 10. Bxf6 Bxf6 11. c3 O-O 12. Bd3 Be6 13. Nc2 Bxd5 14. exd5
Ne7 15. Qd2 Qd7 16. h4 Ng6 17. g3 Be7 18. h5 Nh8 19. O-O-O f5 20. f4 Nf7 21.
Ne3 e4 22. Be2 Nh6 23. Nc2 Bf6 24. Nd4 Bxd4 25. Qxd4 Qa7 26. Qxa7 Rxa7 27. Kd2
Rc7 28. Ke3 Rb8 29. Kd4 Kf8 30. b3 b4 31. c4 Rc5 1/2-1/2

[Event "GBR-ch108 Major Open"]
[Site "Torquay"]
[Date "2022.08.18"]
[Round "6"]
[White "Davis, Timothy"]
[Black "Renshaw, Lucas"]
[Result "1-0"]
[WhiteElo "1660"]
[BlackElo "1595"]
[PlyCount "75"]
[EventDate "2022.08.13"]
[EventType "swiss"]
[EventRounds "9"]
[EventCountry "GBR"]
[SourceTitle "BritBase"]
[Source "John Saunders"]
[SourceDate "2021.06.05"]
[SourceVersion "1"]
[SourceVersionDate "2021.06.05"]
[SourceQuality "1"]

1. e4 c5 2. Nf3 d6 3. Bb5+ Nd7 4. d4 cxd4 5. Qxd4 a6 6. Bc4 e6 7. a4 Qb6 8. Qd3
Nc5 9. Qe2 Nf6 10. Nc3 Bd7 11. e5 dxe5 12. Nxe5 Rc8 13. O-O Bd6 14. Nxd7 Ncxd7
15. Bd3 Nc5 16. Rd1 O-O 17. Bg5 Nfd7 18. Qh5 g6 19. Qh4 Rfe8 20. a5 Qc7 21. b4
Nb3 22. Nb5 axb5 23. cxb3 Nb8 24. Bxb5 Nc6 25. Rd3 f6 26. Bxf6 Rf8 27. Bxc6
bxc6 28. Rad1 Be5 29. Bxe5 Qxe5 30. Rd7 Rf7 31. Rxf7 Kxf7 32. Qxh7+ Kf6 33. h4
Rf8 34. Rd7 Qe1+ 35. Kh2 Qxb4 36. Qg7+ Kf5 37. g4+ Kxg4 38. Rd4+ 1-0

[Event "GBR-ch108 Major Open"]
[Site "Torquay"]
[Date "2022.08.18"]
[Round "6"]
[White "Adams, Henry"]
[Black "Pert, Max"]
[Result "1/2-1/2"]
[WhiteElo "1473"]
[BlackElo "1487"]
[PlyCount "87"]
[EventDate "2022.08.13"]
[EventType "swiss"]
[EventRounds "9"]
[EventCountry "GBR"]
[SourceTitle "BritBase"]
[Source "John Saunders"]
[SourceDate "2021.06.05"]
[SourceVersion "1"]
[SourceVersionDate "2021.06.05"]
[SourceQuality "1"]

1. e4 c6 2. d4 d5 3. e5 c5 4. dxc5 Nc6 5. f4 e6 6. Be3 Nge7 7. Qg4 Nf5 8. Bf2
Qa5+ 9. c3 Bxc5 10. Bxc5 Qxc5 11. Qf3 O-O 12. Bd3 f6 13. Bxf5 exf5 14. Nd2 fxe5
15. Nb3 Qd6 16. O-O-O e4 17. Qe3 Be6 18. Ne2 Rac8 19. Kb1 Rfd8 20. Qc5 b6 21.
Qxd6 Rxd6 22. Nbd4 Nxd4 23. Nxd4 Kf7 24. Kc2 a6 25. Kd2 Rg8 26. h4 h5 27. Rh3
g6 28. Ke3 Bd7 29. Rhh1 Bb5 30. Nxb5 axb5 31. Rd4 Ra8 32. a3 Rdd8 33. Rhd1 Ke6
34. Rb4 Ra5 35. Rd2 Rd6 36. Rbd4 Ra4 37. Rxa4 bxa4 38. Rd4 b5 39. Ke2 Rc6 40.
Ke3 Rc4 41. Rxc4 bxc4 42. Kd2 Kd6 43. Ke2 Kc5 44. Ke3 1/2-1/2

[Event "GBR-ch108 Major Open"]
[Site "Torquay"]
[Date "2022.08.18"]
[Round "6"]
[White "Dasgupta, Avyukt"]
[Black "Hutchence, Gregg Sh"]
[Result "1-0"]
[WhiteElo "1570"]
[BlackElo "1417"]
[PlyCount "97"]
[EventDate "2022.08.13"]
[EventType "swiss"]
[EventRounds "9"]
[EventCountry "GBR"]
[SourceTitle "BritBase"]
[Source "John Saunders"]
[SourceDate "2021.06.05"]
[SourceVersion "1"]
[SourceVersionDate "2021.06.05"]
[SourceQuality "1"]

1. d4 Nf6 2. Bf4 g6 3. e3 Bg7 4. Nf3 d6 5. Be2 O-O 6. h3 Nbd7 7. Nbd2 Qe8 8. c3
Nh5 9. Bh2 f5 10. Ng5 Ndf6 11. Qb3+ d5 12. Bxc7 h6 13. Ngf3 Qc6 14. Bh2 Ne4 15.
Nxe4 fxe4 16. Ne5 Qf6 17. Qxd5+ Be6 18. Qxe4 Qxf2+ 19. Kd2 Bf5 20. Qf3 Be6 21.
Qxf2 Rxf2 22. Nf3 Bc4 23. Rae1 Bxa2 24. Kc1 Rxg2 25. Bf1 Rf2 26. Nd2 Bf7 27.
Be2 Rc8 28. Bf3 Nf6 29. Bg3 Rxf3 30. Nxf3 Ne4 31. Rhg1 b5 32. Nd2 Nxg3 33. Rxg3
a5 34. Kc2 a4 35. Kd3 Bf6 36. Nf3 Bc4+ 37. Kd2 g5 38. h4 Kh7 39. hxg5 Rg8 40.
Reg1 hxg5 41. Nxg5+ Bxg5 42. Rxg5 Rxg5 43. Rxg5 e6 44. e4 Ba2 45. Ke3 Bc4 46.
Kf4 Be2 47. Ke5 Kh6 48. Rg1 Bc4 49. d5 1-0

[Event "GBR-ch108 Major Open"]
[Site "Torquay"]
[Date "2022.08.18"]
[Round "6"]
[White "Sivanandan, Bodhana"]
[Black "Taylor, William J"]
[Result "0-1"]
[WhiteElo "1436"]
[BlackElo "1936"]
[PlyCount "158"]
[EventDate "2022.08.13"]
[EventType "swiss"]
[EventRounds "9"]
[EventCountry "GBR"]
[SourceTitle "BritBase"]
[Source "John Saunders"]
[SourceDate "2021.06.05"]
[SourceVersion "1"]
[SourceVersionDate "2021.06.05"]
[SourceQuality "1"]

1. e4 e5 2. Nf3 Nc6 3. Nc3 g6 4. Bc4 Bg7 5. d3 Nge7 6. O-O Na5 7. Bb3 Nxb3 8.
axb3 O-O 9. d4 exd4 10. Nxd4 d5 11. exd5 Nxd5 12. Nxd5 Qxd5 13. Be3 b6 14. c3
Bb7 15. Nf3 Qh5 16. Nd4 Qh4 17. Nf3 Qg4 18. h3 Qh5 19. Nd4 Qd5 20. Nf3 Qc6 21.
Re1 a5 22. Qe2 Rfe8 23. Rad1 Ba6 24. Qc2 Bb7 25. Qe2 Qe6 26. c4 Qe4 27. Rd2 a4
28. bxa4 Rxa4 29. b3 Ra3 30. Rd3 Qf5 31. Red1 Bxf3 32. Qxf3 Qxf3 33. gxf3 Be5
34. c5 bxc5 35. Bxc5 Ra2 36. Re3 Re6 37. Rde1 Ra1 38. Kf1 Rxe1+ 39. Rxe1 h5 40.
Re2 g5 41. Ke1 Kg7 42. Kd2 Kf6 43. Kd3 Kf5 44. Re4 Ra6 45. Kc4 c6 46. Be3 Bf4
47. Bxf4 gxf4 48. Re2 Ra1 49. Re7 f6 50. Kc5 Rc1+ 51. Kd6 Rc2 52. b4 Rxf2 53.
Kxc6 Rxf3 54. h4 Rc3+ 55. Kd5 f3 56. Re1 Kf4 57. b5 Rb3 58. Kc4 Rb2 59. Kc5 f2
60. Rf1 Kf3 61. b6 Kg2 62. Ra1 f1=Q 63. Rxf1 Kxf1 64. Kc6 f5 65. b7 f4 66. Kc7
f3 67. b8=Q Rxb8 68. Kxb8 f2 69. Kc7 Ke2 70. Kd6 f1=Q 71. Ke5 Ke3 72. Kd5 Qf4
73. Ke6 Ke4 74. Kd7 Qf6 75. Kc7 Kd5 76. Kb7 Qc6+ 77. Kb8 Qd7 78. Ka8 Kc6 79.
Kb8 Qb7# 0-1

[Event "GBR-ch108 Major Open"]
[Site "Torquay"]
[Date "2022.08.18"]
[Round "6"]
[White "Tye, Jack"]
[Black "Sainbayar, Anuurai"]
[Result "1-0"]
[WhiteElo "1428"]
[BlackElo "1525"]
[PlyCount "73"]
[EventDate "2022.08.13"]
[EventType "swiss"]
[EventRounds "9"]
[EventCountry "GBR"]
[SourceTitle "BritBase"]
[Source "John Saunders"]
[SourceDate "2021.06.05"]
[SourceVersion "1"]
[SourceVersionDate "2021.06.05"]
[SourceQuality "1"]

1. e4 e6 2. d4 b6 3. Nf3 Bb7 4. Bd3 c5 5. c3 Qc7 6. O-O cxd4 7. cxd4 h5 8. Nc3
a6 9. Bd2 Nf6 10. Re1 Nc6 11. Rc1 Rc8 12. Nd5 Qd8 13. Nxf6+ gxf6 14. a3 Bh6 15.
Bxh6 Rxh6 16. Qd2 Rh8 17. b4 b5 18. Qf4 Kf8 19. d5 e5 20. Qh4 Nb8 21. Rxc8 Bxc8
22. Nxe5 Qe7 23. Ng4 d6 24. Ne3 Qe5 25. Rc1 Kg7 26. Qg3+ Kh6 27. Rxc8 Qxg3 28.
Rxh8+ Kg7 29. Nf5+ Kxh8 30. hxg3 Nd7 31. Nxd6 Ne5 32. Be2 Kg7 33. f4 Ng4 34.
Bxg4 hxg4 35. Nf5+ Kf8 36. Kf2 Ke8 37. Ke3 1-0

[Event "GBR-ch108 Major Open"]
[Site "Torquay"]
[Date "2022.08.18"]
[Round "6"]
[White "Chan, Michelle (Ngo Yu)"]
[Black "Headlong, Georgia"]
[Result "0-1"]
[WhiteElo "1243"]
[BlackElo "1417"]
[PlyCount "110"]
[EventDate "2022.08.13"]
[EventType "swiss"]
[EventRounds "9"]
[EventCountry "GBR"]
[SourceTitle "BritBase"]
[Source "John Saunders"]
[SourceDate "2021.06.05"]
[SourceVersion "1"]
[SourceVersionDate "2021.06.05"]
[SourceQuality "1"]

1. e4 e5 2. Nf3 Nf6 3. Nxe5 d6 4. Nf3 Nxe4 5. Nc3 Nxc3 6. dxc3 Be7 7. Be3 Nc6
8. Qd2 Be6 9. a3 Ne5 10. O-O-O O-O 11. h4 Nc4 12. Bxc4 Bxc4 13. g4 a5 14. g5 b5
15. h5 c5 16. g6 Bf6 17. gxh7+ Kxh7 18. h6 g6 19. Ng5+ Bxg5 20. Bxg5 Qd7 21.
Qf4 Qf5 22. Qxf5 gxf5 23. Rxd6 Rg8 24. f4 Rge8 25. b3 Be6 26. Re1 c4 27. Kb2 a4
28. Re5 Reb8 29. Rexe6 fxe6 30. Rd7+ Kg6 31. Rg7+ Kh5 32. h7 Rh8 33. bxc4 bxc4
34. Kc1 Rab8 35. Rc7 Kg6 36. Rxc4 Rxh7 37. Rxa4 Rc7 38. Kd2 Rbc8 39. Ra6 Kf7
40. Rb6 Rxc3 41. Rb7+ R8c7 42. Rxc7+ Rxc7 43. Kc1 Rb7 44. Bh4 Ke8 45. Bf6 Kd7
46. Be5 Kc6 47. c3 Rb3 48. Kc2 Rxa3 49. Kb2 Ra5 50. Bd4 Kd5 51. Kb3 Ke4 52. Kb4
Rd5 53. Be5 Rxe5 54. fxe5 f4 55. c4 f3 0-1

[Event "GBR-ch108 Major Open"]
[Site "Torquay"]
[Date "2022.08.18"]
[Round "6"]
[White "Mize, Dylan"]
[Black "Willow, Hambel M"]
[Result "1/2-1/2"]
[WhiteElo "1538"]
[BlackElo "1585"]
[PlyCount "100"]
[EventDate "2022.08.13"]
[EventType "swiss"]
[EventRounds "9"]
[EventCountry "GBR"]
[SourceTitle "BritBase"]
[Source "John Saunders"]
[SourceDate "2021.06.05"]
[SourceVersion "1"]
[SourceVersionDate "2021.06.05"]
[SourceQuality "1"]

1. d4 c6 2. c4 d5 3. Nf3 Nf6 4. e3 Bf5 5. Nc3 e6 6. Qb3 Qc7 7. Nh4 Bg6 8. Nxg6
hxg6 9. g3 Nbd7 10. Bd2 dxc4 11. Bxc4 Nb6 12. Be2 Bd6 13. O-O-O a5 14. Na4 Nxa4
15. Qxa4 b5 16. Qc2 a4 17. e4 e5 18. dxe5 Bxe5 19. f4 Bd4 20. Bb4 Be3+ 21. Kb1
Qb7 22. Bf3 Rc8 23. Bd6 Bb6 24. Rhe1 Bd8 25. e5 Nd5 26. Bg4 Ra8 27. e6 f5 28.
Bxf5 gxf5 29. Qxf5 Bf6 30. Qg6+ Kd8 31. e7+ Kd7 32. Be5 a3 33. Qf5+ Ke8 34.
Qg6+ Kd7 35. Bxf6 gxf6 36. Qxf6 Qa6 37. e8=Q+ Raxe8 38. Rxe8 Rxe8 39. Rxd5+ Kc8
40. Rc5 Re1+ 41. Rc1 Rxc1+ 42. Kxc1 axb2+ 43. Kxb2 Qb6 44. Qf5+ Kc7 45. Qe5+
Kd7 46. Qg7+ Kd6 47. Qe5+ Kd7 48. Qg7+ Kd6 49. Qg6+ Kc7 50. Qg7+ Kd6 1/2-1/2

[Event "GBR-ch108 Major Open"]
[Site "Torquay"]
[Date "2022.08.18"]
[Round "6"]
[White "McKay, Ruairidh"]
[Black "Cox, Lucian"]
[Result "1-0"]
[WhiteElo "1394"]
[BlackElo "1295"]
[PlyCount "65"]
[EventDate "2022.08.13"]
[EventType "swiss"]
[EventRounds "9"]
[EventCountry "GBR"]
[SourceTitle "BritBase"]
[Source "John Saunders"]
[SourceDate "2021.06.05"]
[SourceVersion "1"]
[SourceVersionDate "2021.06.05"]
[SourceQuality "1"]

1. d4 Nf6 2. c4 g6 3. Nc3 Bg7 4. e4 d6 5. Be2 O-O 6. Bg5 Na6 7. a3 e5 8. d5 Nc5
9. f3 a5 10. Na4 Nxa4 11. Qxa4 Bd7 12. Qd1 h6 13. Be3 Ne8 14. Qd2 g5 15. g4 c6
16. h4 f6 17. Bd1 c5 18. a4 Qb6 19. Qc1 Nc7 20. Ne2 Na6 21. Ng3 Nb4 22. Qd2 Qa6
23. b3 b6 24. Kf2 Qc8 25. Be2 Qd8 26. Rh3 gxh4 27. Nf5 Bxf5 28. gxf5 Qe7 29.
Bxh6 Rf7 30. Rg1 Kf8 31. Rxh4 Ra7 32. Rhg4 Bxh6 33. Rg8# 1-0

[Event "GBR-ch108 Major Open"]
[Site "Torquay"]
[Date "2022.08.18"]
[Round "6"]
[White "Oh, Julie"]
[Black "Liu, Jacob"]
[Result "1-0"]
[WhiteElo "1161"]
[BlackElo "1269"]
[PlyCount "57"]
[EventDate "2022.08.13"]
[EventType "swiss"]
[EventRounds "9"]
[EventCountry "GBR"]
[SourceTitle "BritBase"]
[Source "John Saunders"]
[SourceDate "2021.06.05"]
[SourceVersion "1"]
[SourceVersionDate "2021.06.05"]
[SourceQuality "1"]

1. e4 e6 2. d4 d5 3. Nc3 Bb4 4. e5 c5 5. a3 Bxc3+ 6. bxc3 Qa5 7. Bd2 Qa4 8. Qg4
g6 9. h4 Qxc2 10. Rc1 Qa4 11. Nf3 Nc6 12. h5 Bd7 13. hxg6 fxg6 14. Rxh7 Rxh7
15. Qxg6+ Rf7 16. Ng5 Nxe5 17. dxe5 Nh6 18. Nxf7 Nxf7 19. Qg8+ Ke7 20. Bg5+
Nxg5 21. Qxg5+ Ke8 22. Qg8+ Ke7 23. Qxa8 Qe4+ 24. Be2 Qxg2 25. Qb8 Qg1+ 26. Kd2
Qg5+ 27. Kc2 Ba4+ 28. Kb1 Qf5+ 29. Ka1 1-0

[Event "GBR-ch108 Major Open"]
[Site "Torquay"]
[Date "2022.08.19"]
[Round "7"]
[White "Ogunshola, Ben"]
[Black "Smith, Andrew Philip"]
[Result "1/2-1/2"]
[WhiteElo "2140"]
[BlackElo "2073"]
[PlyCount "69"]
[EventDate "2022.08.13"]
[EventType "swiss"]
[EventRounds "9"]
[EventCountry "GBR"]
[SourceTitle "BritBase"]
[Source "John Saunders"]
[SourceDate "2021.06.05"]
[SourceVersion "1"]
[SourceVersionDate "2021.06.05"]
[SourceQuality "1"]

1. c4 c6 2. Nf3 d5 3. cxd5 cxd5 4. g3 Nc6 5. Qa4 Bd7 6. Qb3 Nf6 7. d4 e6 8. Bg2
a6 9. O-O Be7 10. a4 b5 11. Bf4 O-O 12. Rc1 Qb6 13. Qd1 Rfc8 14. h3 b4 15. b3
Ne4 16. Ra2 Bf6 17. Be3 Qd8 18. Rac2 h6 19. Qd3 a5 20. Nfd2 Nxd2 21. Nxd2 Ne7
22. g4 Rxc2 23. Rxc2 Rc8 24. Nf3 Rxc2 25. Qxc2 Qc8 26. Qxc8+ Bxc8 27. Bf4 Ba6
28. Bf1 Nc6 29. e3 Bxf1 30. Kxf1 Kf8 31. Ke2 Ke7 32. Kd3 Kd7 33. Bg3 Be7 34. h4
Bd6 35. Be5 1/2-1/2